Normal view
MARC view
- Ahmed, Akbar S.
Entry Personal Name
001 - CONTROL NUMBER
- control field: 5313
003 - CONTROL NUMBER IDENTIFIER
- control field: NUST
005 - DATE AND TIME OF LATEST TRANSACTION
- control field: 20171009121353.0
008 - FIXED-LENGTH DATA ELEMENTS
- fixed length control field: 171009|| aca||aabn | a|a d
040 ## - CATALOGING SOURCE
- Original cataloging agency: NUST
- Transcribing agency: NUST
100 ## - HEADING--PERSONAL NAME
- Personal name: Ahmed, Akbar S.
670 ## - SOURCE DATA FOUND
- Source citation: Work cat.: (NUST)0: Ahmed, Akbar S., Mansehra :, 2012
